Quantum mechanics: fundamentals
Збережено в:
| Автори: | , |
|---|---|
| Формат: | Книга |
| Мова: | Англійська |
| Опубліковано: |
Nueva York
Springer
2003
|
| Редагування: | 2a. ed |
| Серія: | Graduate Texts in Contemporary Physics
|
| Предмети: | |
| Теги: |
Додати тег
Немає тегів, Будьте першим, хто поставить тег для цього запису!
|
MARC
| LEADER | 00000nam a2200000 a 4500 | ||
|---|---|---|---|
| 001 | UCL9108 | ||
| 003 | CL-VaPUC | ||
| 008 | 040723e20030000US |||||||||||||||||eng|d | ||
| 020 | |a 0387955763 | ||
| 082 | 0 | 4 | |a 530.12 |b GOT |2 21 |
| 100 | |a Gottfried, Kurt |e author |9 544189 | ||
| 700 | 0 | |a Yan, Tung-Mow |e author |9 487000 | |
| 245 | 1 | 0 | |a Quantum mechanics: fundamentals |
| 250 | |a 2a. ed | ||
| 300 | |a 620 p | ||
| 942 | |c BK | ||
| 945 | |d 20040723 00:00:00 |a cmena | ||
| 260 | |a Nueva York |b Springer |c 2003 | ||
| 500 | |a Proyecto MECESUP | ||
| 650 | 0 | |a Teoría cuántica |9 266148 | |
| 650 | 0 | |a Mecánica cuántica |9 306806 | |
| 650 | 0 | |a Física matemática |9 260981 | |
| 650 | 7 | |a FISICA APLICADA |2 CL-VaPUC |9 254835 | |
| 583 | |a last modification |c 20040723 00:00:00 |k Rodrigo Vera | ||
| 490 | 0 | |a Graduate Texts in Contemporary Physics | |
| 999 | |c 310074 |d 310072 | ||
| 952 | |0 0 |1 0 |4 0 |6 530_120000000000000_GOT_2003 |7 0 |8 A |9 378138 |a BIBCUR |b BIBCUR |d 2019-11-21 |i 4040414 |o 530.12 GOT 2003 |p 4040414 |r 2025-04-22 |w 2019-11-21 |y BK |k FIS | ||
| 952 | |0 0 |1 0 |4 0 |6 530_120000000000000_GOT_2003 |7 0 |8 A |9 378139 |a BIBCUR |b BIBCUR |d 2019-11-21 |i 4622006 |o 530.12 GOT 2003 |p 4622006 |r 2025-04-22 |w 2019-11-21 |y BK |k DCF | ||